Arbitraje. Entre la autonomía y el control judicial.

Gardado en:
Detalles Bibliográficos
Outros autores: Picand Albónico, Eduardo (Editor)
Formato: Unknown
Idioma:inglés
Publicado: Santiago, Chile: Thomson Reuters, 2023
Edición:1ª edición.
Series:Monografías
Subjects:
Tags: Engadir etiqueta
Sen Etiquetas, Sexa o primeiro en etiquetar este rexistro!

MARC

LEADER 00000 a2200000 4500
003 CL-VaPUC
005 20240607123219.0
008 240111t2023 ||||| |||| 00| 0 eng d
999 |c 442882  |d 442880 
020 |a 978-956-400-404-4 
040 |c Pontificia Universidad Católica de Valparaíso 
082 0 4 |2 22  |a 346.07 PIC 2023 
100 1 |a Picand Albónico, Eduardo  |e editor  |9 737520 
245 1 0 |a Arbitraje.  |b Entre la autonomía y el control judicial. 
250 |a 1ª edición. 
260 |a Santiago, Chile:  |b Thomson Reuters,  |c 2023 
300 |a 392 páginas 
490 0 |a Monografías 
583 |k VVL  |c 20240111 
650 1 0 |a Arbitraje   |x Derecho  |9 887115 
650 1 |a Arbitraje intermacional  |x Derecho comercial  |x Jurisprudencia  |9 887116 
942 |2 ddc  |c BK 
952 |0 0  |1 0  |2 ddc  |4 0  |6 346_070000000000000_PIC_2023  |7 0  |8 A  |9 593165  |a BIBDER  |b BIBDER  |c GEN  |d 2024-01-05  |e 31  |g 0.00  |i 5660020  |l 3  |m 1  |o 346.07 PIC 2023  |p 5660020  |r 2025-05-06  |s 2025-04-29  |t 1  |v 0.00  |w 2024-01-05  |y BK  |k DER